=LDR 00000nam 2200000 4500 =001 INLIS000000000031510 =005 20140417110950.0 =006 =007 =008 ind =035 ##$$a 0010-061300000031510 =041 ##$$a ind =082 ##$$a 028.55 =090 ##$$a 028.55, Nat u =100 ##$$a NATA, Koko =245 ##$$a Unta Karnaval , Koko Nata;Editor,Syarif Nurhakim =260 ##$$a Bestari Kids $b Jakarta =300 ##$$a 31 hlm., ; ilus., , 21 cm =650 ##$$a BACAAN KANAK-KANAK =700 ##$$a NURHAKIM, Syerif =850 ##$$a NBPNMAT =990 ##$$a 20903851